Arbol del Mundo/ (Record no. 2401)

MARC details
000 -LEADER
campo de control de longitud fija 00730nam a22002057a 4500
003 - IDENTIFICADOR DE NÚMERO DE CONTROL
campo de control OSt
005 - FECHA Y HORA DE LA ÚLTIMA TRANSACCIÓN
campo de control 20221028173343.0
008 - DATOS DE LONGITUD FIJA--INFORMACIÓN GENERAL
campo de control de longitud fija 221021b |||||||| |||| 00| 0 eng d
020 ## - NÚMERO INTERNACIONAL ESTÁNDAR DEL LIBRO
Número Internacional Estándar del Libro 959-260-055-4
040 ## - FUENTE DE CATALOGACIÓN
Centro/agencia transcriptor Biblioteca LadoV
082 ## - NÚMERO DE LA CLASIFICACIÓN DECIMAL DEWEY
Número de clasificación 201.13
Número de ítem AC185a
100 ## - ENTRADA PRINCIPAL--NOMBRE DE PERSONA
9 (RLIN) 237
Nombre de persona Acosta, Rinaldo
Término indicativo de función/relación editor
245 ## - MENCIÓN DEL TÍTULO
Título Arbol del Mundo/
Resto del título Diccionario de imágenes, símbolos y términos mitológicos/
260 ## - PUBLICACIÓN, DISTRIBUCIÓN, ETC.
Lugar de publicación, distribución, etc. La Habana, Cuba
Fecha de publicación, distribución, etc. 2002
Nombre del editor, distribuidor, etc. Casa de las Americas/UNEAC
300 ## - DESCRIPCIÓN FÍSICA
Extensión 477p.
Dimensiones 17X22cm
650 ## - PUNTO DE ACCESO ADICIONAL DE MATERIA--TÉRMINO DE MATERIA
Fuente del encabezamiento o término Tesauro de Arte & Arquitectura
Término de materia o nombre geográfico como elemento de entrada DICCIONARIO
650 ## - PUNTO DE ACCESO ADICIONAL DE MATERIA--TÉRMINO DE MATERIA
Fuente del encabezamiento o término Tesauro de Arte & Arquitectura
Término de materia o nombre geográfico como elemento de entrada MITOLOGIA
650 ## - PUNTO DE ACCESO ADICIONAL DE MATERIA--TÉRMINO DE MATERIA
Fuente del encabezamiento o término Tesauro de Arte & Arquitectura
Término de materia o nombre geográfico como elemento de entrada SIMBOLOGIA
942 ## - ELEMENTOS DE ENTRADA SECUNDARIOS (KOHA)
Fuente del sistema de clasificación o colocación Clasificación Decimal Dewey
Tipo de ítem Koha Libros
Parte de la signatura que corresponde a la clasificación (Parte de la clasificación) 201.13
Parte de la signatura que identifica el ejemplar (Parte del ítem) AC185a
Suprimir en OPAC No
Holdings
Estatus retirado Estado de pérdida Fuente del sistema de clasificación o colocación Estado de daño No para préstamo Biblioteca de origen Biblioteca actual Fecha de adquisición Número de inventario Total de préstamos Signatura topográfica completa Código de barras Visto por última vez Precio de reemplazo Tipo de ítem Koha
    Clasificación Decimal Dewey     Biblioteca LadoV Biblioteca LadoV 28/10/2022 003796   201.13 AC185a 003796 28/10/2022 28/10/2022 Libros
    Clasificación Decimal Dewey     Biblioteca LadoV Biblioteca LadoV 28/10/2022 003527   201.13 AC185a 003527 28/10/2022 28/10/2022 Libros